000 00473nam a2200157 a 4500
001 000026721
005 20200930030355.0
008 110324s1966 dr ac r 000 0 spa d
040 _aDO-SdBNP
_bspa
_cBNPHU
082 _axxx
_bM519
100 1 _aMelero Bandallo, Vicente
_953826
245 1 0 _aGeografía de América /
_cVicente Melero Bandallo.
260 _aSanto Domingo :
_bDisesa,
_c[19--?].
300 _a156 p. :
_bil., retr. ;
_c27 cm.
590 _aInventariado, 2018/BT
999 _c26213
_d26213